Integrated water meter management
Αποθηκεύτηκε σε:
| Άλλοι συγγραφείς: | , , |
|---|---|
| Μορφή: | Βιβλίο |
| Γλώσσα: | English |
| Δημοσίευση: |
London :
IWA Publishing,
2006
|
| Θέματα: | |
| Ετικέτες: |
Προσθήκη ετικέτας
Δεν υπάρχουν, Καταχωρήστε ετικέτα πρώτοι!
|
MARC
| LEADER | 00000nam a2200000 i 4500 | ||
|---|---|---|---|
| 001 | 1/63375 | ||
| 008 | 071119s2006 eng d | ||
| 020 | |a 978-184-3390-343 | ||
| 020 | |a 184-3390-345 | ||
| 035 | |l 10092356 | ||
| 040 | |a GR-MY-UA |b gre |e aacr | ||
| 041 | 0 | |a eng | |
| 082 | 0 | |a 628.144 |2 (22) | |
| 245 | 1 | 0 | |a Integrated water meter management / |c edited by Francisco Arregui, Enrique Cabrera and Ricardo Cobacho |
| 260 | |a London : |b IWA Publishing, |c 2006 | ||
| 300 | |a xi, 272 σ.; |b εικ.; |c 24 εκ. | ||
| 504 | |a Περιλαμβάνει βιβλιογραφίες και ευρετήριο | ||
| 650 | 0 | 0 | |a Water. |
| 650 | 0 | 0 | |a Water consumption |x Measurement. |
| 700 | 1 | |a Arregui, Francisco |d 1972- |4 edt | |
| 700 | 1 | |a Cabrera, Enrique |d 1972- |4 edt | |
| 700 | 1 | |a Cobacho, Ricardo. |4 edt | |
| 852 | |a INST |b CHIOS |e 20080314 |h 628.144 INT |p 005200027766 |q 005200027766 |t BK |y 0 | ||
| 852 | |a INST |b CHIOS |e 20071119 |h 628.144 INT |p 005200028365 |q 005200028365 |t BK |y 0 | ||
| 901 | |a BIBL2-2007-3 | ||
| 901 | |a BIBL2-2008-1 | ||
| 909 | |a Χ |b 140328 | ||
| 909 | |a Χ |b 144751 | ||
| 922 | |a 2ΕΛΗ |b 200711 |c ΕΠΕΑΕΚ2/ΤΜΟΔ |d ΠΑΠΑΣΩΤΗΡΙΟΥ | ||
| 922 | |a 2ΕΛΗ |b 200801 |c ΕΠΕΑΕΚ2/ΤΜΟΔ |d ΕΛΕΥΘΕΡΟΥΔΑΚΗΣ | ||
| 970 | |a ΑΤΣΑΛΗ |b ΔΕΣΠΟΙΝΑ |z 2007/11/19 | ||